• 首页
  • 本馆介绍
  • 公告通知
  • 最新文献
  • 馆藏检索
  • 电子资源
  • 读者导购
  • 参考咨询
  • 我的图书馆
  • 登录
  • 详细信息显示
  • 放入我的书架
  • 预约/预借图书
  • 作者相关作品
  • 分类相关作品
  • 丛书相关作品
  • 出版社相关作品

书目信息

  • 表格格式
  • 工作单格式
  • 卡片格式
题名:
米粉加工工艺学
    
 
作者: 易翠平 主编
分册:  
出版信息: 北京   化学工业出版社  2021.4
页数: 227页
开本: 24cm
丛书名:
单 册:
中图分类: TS212
科图分类:
主题词: 大米--粮食加工--工艺学
电子资源:
ISBN: 978-7-122-38348-8
000 00844nam0 2200229 45
001 012001001758
005 20140912112014.0
010    @a978-7-122-38348-8@dCNY68.00
100    @a20210531d2021 em y0chiy50 ea
101 0  @achi
102    @aCN@b110000
105    @aa z 000yy
106    @ar
200 1  @a米粉加工工艺学@Ami fen jia gong gong yi xue@b专著@f易翠平主编
210    @a北京@c化学工业出版社@d2021.4
215    @a227页@c图@d24cm
330    @a本书从产业链的角度出发,介绍了米粉加工的原辅材料,鲜湿米粉、干米粉和方便米粉的加工工艺流程、操作要点、主要设备,米粉的调味料和软罐头配菜,米粉的分析与检测及HACCP体系等,着重引入了不同米粉加工的品质控制基础与相关原理。
606 0  @a大米@x粮食加工@x工艺学
690    @aTS212@v5
701  0 @a易翠平@Ayi cui ping@4主编
801  0 @aCN@bBJSDL@c20211011
905    @b1337100-3@dTS212@e381@f4
    
    米粉加工工艺学/易翠平主编.-北京:化学工业出版社,2021.4
    227页:图;24cm
    
    
    ISBN 978-7-122-38348-8:CNY68.00
    本书从产业链的角度出发,介绍了米粉加工的原辅材料,鲜湿米粉、干米粉和方便米粉的加工工艺流程、操作要点、主要设备,米粉的调味料和软罐头配菜,米粉的分析与检测及HACCP体系等,着重引入了不同米粉加工的品质控制基础与相关原理。
●
相关链接 在E读中查询图书 在五车中查询图书 在当当中查询图书 在豆瓣中查询图书


正题名:米粉加工工艺学     索取号:TS212/381         预约/预借

序号 登录号 条形码 馆藏地/架位号 状态 备注
1 1337100   213371000   第二样本阅览室/ [索取号:TS212/381] 在馆    
2 1337101   213371019   第三借阅区/ [索取号:TS212/381] 在馆    
3 1337102   213371028   第三借阅区/ [索取号:TS212/381] 在馆    
4 1337103   213371037   第三借阅区/ [索取号:TS212/381] 在馆    
唐山师范学院图书馆 欢迎您!
大连网信软件有限公司© 版权所有